[Event "EU-ch rapid"]
[Site "Tallinn"]
[Date "2016.12.15"]
[Round "3"]
[White "Cuenca Jimenez, Jose Fernando"]
[Black "Movsesian, Sergei"]
[Result "1/2-1/2"]
[WhiteElo "2492"]
[BlackElo "2673"]
[PlyCount "128"]
[EventDate "2016.12.15"]
[EventType "swiss (rapid)"]
[EventRounds "11"]
[EventCountry "EST"]
[SourceTitle "CBM 176 Extra"]
[Source "ChessBase"]
[SourceDate "2017.03.02"]
[SourceVersion "1"]
[SourceVersionDate "2017.03.02"]
[SourceQuality "1"]

1. Nf3 Nf6 2. c4 e6 3. g3 d5 4. d4 Be7 5. Bg2 O-O 6. O-O dxc4 7. Qc2 a6 8. a4
Bd7 9. Qxc4 Bc6 10. Bg5 Nbd7 11. Nc3 h6 12. Bxf6 Nxf6 13. Ne5 Bxg2 14. Kxg2 a5
15. Rfd1 c6 16. Rac1 Qb6 17. Rc2 Rfd8 18. e3 Bb4 19. Qb3 Qc7 20. Rcc1 Qe7 21.
Qc2 Bd6 22. Nc4 Bc7 23. Ne4 Nxe4 24. Qxe4 Qb4 25. Qc2 Rac8 26. b3 Rd5 27. e4
Rdd8 28. Qc3 Qxc3 29. Rxc3 b5 30. Ne3 Bb6 31. Rcd3 Kf8 32. Kf3 Ke7 33. d5 cxd5
34. exd5 Bxe3 35. Kxe3 bxa4 36. bxa4 Rc4 37. dxe6 Rxd3+ 38. Rxd3 Kxe6 39. Rd4
Rc3+ 40. Kd2 Rf3 41. Ke2 Ra3 42. Re4+ Kd6 43. h4 h5 44. Rd4+ Ke5 45. Rc4 Kd5
46. Rf4 Ke6 47. Re4+ Kf6 48. Rc4 Kg6 49. Rd4 f6 50. Rc4 Kh6 51. Rd4 g6 52. Rc4
f5 53. Rd4 Kg7 54. Rc4 Kf7 55. Rc7+ Kf6 56. Rc6+ Kf7 57. Rc7+ Ke6 58. Rc6+ Kd5
59. Rxg6 Rxa4 60. Rg5 Ke4 61. Rxh5 Ra2+ 62. Kf1 f4 63. gxf4 Kf3 64. Ke1 Kxf4
1/2-1/2

[Event "EU-ch rapid"]
[Site "Tallinn"]
[Date "2016.12.15"]
[Round "4"]
[White "Alekseev, Evgeny V"]
[Black "Cuenca Jimenez, Jose Fernando"]
[Result "1-0"]
[WhiteElo "2632"]
[BlackElo "2492"]
[PlyCount "81"]
[EventDate "2016.12.15"]
[EventType "swiss (rapid)"]
[EventRounds "11"]
[EventCountry "EST"]
[SourceTitle "CBM 176 Extra"]
[Source "ChessBase"]
[SourceDate "2017.03.02"]
[SourceVersion "1"]
[SourceVersionDate "2017.03.02"]
[SourceQuality "1"]

1. e4 e5 2. Nf3 Nc6 3. Bb5 Nf6 4. d3 d6 5. c3 g6 6. O-O Bg7 7. h3 O-O 8. Be3 a6
9. Ba4 b5 10. Bc2 Bb7 11. Nbd2 Nb8 12. b4 Nbd7 13. Nb3 Rb8 14. a4 d5 15. Qb1
Nh5 16. axb5 axb5 17. Ra7 f5 18. Na5 Ba8 19. exd5 f4 20. Bd2 Kh8 21. c4 Rb6 22.
Qa2 g5 23. Re1 Qb8 24. Nb3 Rg6 25. Nc5 Nxc5 26. bxc5 g4 27. hxg4 Rxg4 28. Bd1
Qc8 29. Rxa8 Qxa8 30. Qxa8 Rxa8 31. Nxe5 Rh4 32. Nf3 Rg4 33. cxb5 Nf6 34. Ne5
Rh4 35. d6 cxd6 36. Nf7+ Kg8 37. Nxd6 f3 38. Bxf3 Rf8 39. c6 Rd4 40. Nc4 Nd5
41. b6 1-0

[Event "EU-ch rapid"]
[Site "Tallinn"]
[Date "2016.12.16"]
[Round "11"]
[White "Cuenca Jimenez, Jose Fernando"]
[Black "Jussupow, Artur"]
[Result "1/2-1/2"]
[WhiteElo "2492"]
[BlackElo "2585"]
[PlyCount "245"]
[EventDate "2016.12.15"]
[EventType "swiss (rapid)"]
[EventRounds "11"]
[EventCountry "EST"]
[SourceTitle "CBM 176 Extra"]
[Source "ChessBase"]
[SourceDate "2017.03.02"]
[SourceVersion "1"]
[SourceVersionDate "2017.03.02"]
[SourceQuality "1"]

1. e4 e6 2. d4 d5 3. Bd3 dxe4 4. Bxe4 Nf6 5. Bf3 c5 6. Ne2 Nc6 7. Be3 Nd5 8.
Bxd5 exd5 9. dxc5 Be7 10. Nbc3 Be6 11. O-O O-O 12. Nd4 Ne5 13. b3 Rc8 14. f4
Ng4 15. Nxe6 Nxe3 16. Nxd8 Nxd1 17. Raxd1 Bxc5+ 18. Kh1 Rfxd8 19. Nxd5 Re8 20.
Rfe1 f5 21. c4 Kf7 22. g3 Bf2 23. Rxe8 Rxe8 24. Rd2 Bc5 25. Kg2 a5 26. Kf1 g6
27. Re2 Rd8 28. Ke1 b5 29. Kd2 bxc4 30. bxc4 Rb8 31. Kc2 a4 32. Nc3 a3 33. Nb5
h5 34. h3 h4 35. gxh4 Rh8 36. Re5 Be7 37. Re3 Rxh4 38. Rf3 g5 39. fxg5 Rxc4+
40. Kd3 Rh4 41. Rxf5+ Kg6 42. Rf3 Bxg5 43. Nxa3 Ra4 44. Kc2 Be7 45. Kb2 Ra8 46.
Nc4 Bf6+ 47. Kb3 Rb8+ 48. Kc2 Rc8 49. Kd3 Rd8+ 50. Kc2 Rc8 51. Rf4 Rh8 52. Rf3
Rc8 53. Kd3 Rd8+ 54. Ke3 Rc8 55. Nd6 Ra8 56. Rg3+ Kh5 57. Rg2 Ra3+ 58. Ke4 Rxh3
59. Nc4 Rh1 60. Kd5 Ra1 61. Rc2 Kg4 62. Nd2 Kf5 63. Nb3 Rd1+ 64. Kc6 Ke6 65.
Re2+ Kf7 66. a4 Rd3 67. Nc5 Ra3 68. Kb5 Be7 69. Nd7 Rb3+ 70. Kc6 Rc3+ 71. Kb7
Bd8 72. Ne5+ Kf6 73. Nc6 Rb3+ 74. Kc8 Bb6 75. Re4 Kf5 76. Rc4 Ke6 77. a5 Bxa5
78. Nxa5 Rb5 79. Nb7 Kd5 80. Rc1 Rb4 81. Rd1+ Rd4 82. Rh1 Rg4 83. Rh5+ Kc6 84.
Rh6+ Kd5 85. Rd6+ Ke5 86. Rd1 Rc4+ 87. Kb8 Rd4 88. Ra1 Rc4 89. Ka7 Kd5 90. Kb6
Rb4+ 91. Kc7 Rb2 92. Rd1+ Ke5 93. Nc5 Rc2 94. Kc6 Ra2 95. Re1+ Kf5 96. Nd3 Ra5
97. Kd6 Ra6+ 98. Kd5 Ra5+ 99. Nc5 Kg5 100. Rf1 Rb5 101. Kd4 Ra5 102. Ne6+ Kg6
103. Ke4 Ra4+ 104. Nd4 Ra5 105. Nc6 Ra4+ 106. Ke5 Ra6 107. Ne7+ Kg7 108. Nf5+
Kg6 109. Rg1+ Kh5 110. Ne3 Rg6 111. Rh1+ Kg5 112. Nd5 Ra6 113. Rg1+ Kh4 114.
Rg8 Ra5 115. Ke4 Ra4+ 116. Kf5 Ra5 117. Rg4+ Kh3 118. Rd4 Kg3 119. Rd3+ Kf2
120. Ke4 Ra4+ 121. Ke5 Ra8 122. Rd2+ Kf3 123. Rd3+ 1/2-1/2

[Event "EU-ch blitz"]
[Site "Tallinn"]
[Date "2016.12.17"]
[Round "5"]
[White "Mamedov, Rauf"]
[Black "Cuenca Jimenez, Jose Fernando"]
[Result "1-0"]
[WhiteElo "2688"]
[BlackElo "2492"]
[PlyCount "77"]
[EventDate "2016.12.17"]
[EventType "swiss (blitz)"]
[EventRounds "26"]
[EventCountry "EST"]
[SourceTitle "CBM 176 Extra"]
[Source "ChessBase"]
[SourceDate "2017.03.02"]
[SourceVersion "1"]
[SourceVersionDate "2017.03.02"]
[SourceQuality "1"]

1. e4 e6 2. d4 d5 3. Nd2 c5 4. Ngf3 cxd4 5. exd5 Qxd5 6. Bc4 Qd7 7. O-O Nc6 8.
Nb3 Nf6 9. Nbxd4 Nxd4 10. Nxd4 a6 11. Re1 Bc5 12. Be3 Qc7 13. Bb3 O-O 14. Qf3
e5 15. Nf5 e4 16. Qg3 Qxg3 17. Nxg3 Bd6 18. Bd4 Bxg3 19. hxg3 Re8 20. f3 Bf5
21. g4 Bg6 22. Kf2 Rad8 23. c3 exf3 24. gxf3 h5 25. g5 Nh7 26. f4 Nf8 27. Rad1
Ne6 28. Be5 Rxd1 29. Rxd1 Be4 30. Bd6 Rd8 31. c4 g6 32. c5 Bc6 33. Re1 Ng7 34.
Re7 Ne6 35. f5 Nxg5 36. fxg6 Rd7 37. gxf7+ Kg7 38. Rxd7 Ne4+ 39. Ke3 1-0

[Event "EU-ch blitz"]
[Site "Tallinn"]
[Date "2016.12.17"]
[Round "6"]
[White "Cuenca Jimenez, Jose Fernando"]
[Black "Mamedov, Rauf"]
[Result "0-1"]
[WhiteElo "2492"]
[BlackElo "2688"]
[PlyCount "67"]
[EventDate "2016.12.17"]
[EventType "swiss (blitz)"]
[EventRounds "26"]
[EventCountry "EST"]
[SourceTitle "CBM 176 Extra"]
[Source "ChessBase"]
[SourceDate "2017.03.02"]
[SourceVersion "1"]
[SourceVersionDate "2017.03.02"]
[SourceQuality "1"]

1. Nf3 g6 2. e4 Bg7 3. d4 d6 4. Nc3 Nf6 5. h3 O-O 6. Be3 c6 7. a4 a5 8. Be2
Nbd7 9. O-O e5 10. dxe5 dxe5 11. Nd2 Qe7 12. Nc4 Nc5 13. Qd6 Qxd6 14. Nxd6 Ne6
15. Nxc8 Rfxc8 16. Rfd1 Ne8 17. Bg4 N8c7 18. Rd7 Nd4 19. Re7 Bf6 20. Bxc8 Bxe7
21. Bg4 Nxc2 22. Rd1 Nxe3 23. fxe3 Bc5 24. Kf2 Ne8 25. Rd7 Rb8 26. Ke2 h5 27.
Bf3 Nf6 28. Rd1 Kf8 29. Rd3 Ke7 30. Ke1 Bb4 31. Ke2 Nd7 32. Rd1 Nc5 33. Ra1 Rd8
34. Ke1 0-1

[Event "EU-ch blitz"]
[Site "Tallinn"]
[Date "2016.12.17"]
[Round "15"]
[White "Cuenca Jimenez, Jose Fernando"]
[Black "Fargere, Francois"]
[Result "0-1"]
[WhiteElo "2492"]
[BlackElo "2404"]
[PlyCount "84"]
[EventDate "2016.12.17"]
[EventType "swiss (blitz)"]
[EventRounds "26"]
[EventCountry "EST"]
[SourceTitle "CBM 176 Extra"]
[Source "ChessBase"]
[SourceDate "2017.03.02"]
[SourceVersion "1"]
[SourceVersionDate "2017.03.02"]
[SourceQuality "1"]

1. e4 c5 2. Nf3 Nf6 3. Nc3 d5 4. e5 Nfd7 5. Nxd5 Nxe5 6. Bb5+ Bd7 7. Bxd7+ Qxd7
8. Ne3 Nxf3+ 9. Qxf3 Nc6 10. O-O e6 11. d3 Be7 12. a4 O-O 13. Nc4 b6 14. Bf4
Nd4 15. Qd1 Rad8 16. Be5 Nc6 17. Bc3 Nd4 18. Bxd4 Qxd4 19. Qf3 Bf6 20. Rfe1 Qd7
21. g3 Rb8 22. Ne5 Bxe5 23. Rxe5 Qd4 24. Ree1 Qxb2 25. Qe2 Qd4 26. Qf3 Rfd8 27.
a5 b5 28. a6 c4 29. dxc4 Qxc4 30. Rac1 b4 31. Rb1 Qxa6 32. h4 Qc4 33. Re2 a5
34. h5 h6 35. Ra1 Ra8 36. Qe3 a4 37. Qe5 Qd4 38. Qxd4 Rxd4 39. Kf1 a3 40. Ke1
Rc8 41. Ra2 b3 42. Rxa3 bxc2 0-1

[Event "EU-ch blitz"]
[Site "Tallinn"]
[Date "2016.12.17"]
[Round "16"]
[White "Fargere, Francois"]
[Black "Cuenca Jimenez, Jose Fernando"]
[Result "1-0"]
[WhiteElo "2404"]
[BlackElo "2492"]
[PlyCount "199"]
[EventDate "2016.12.17"]
[EventType "swiss (blitz)"]
[EventRounds "26"]
[EventCountry "EST"]
[SourceTitle "CBM 176 Extra"]
[Source "ChessBase"]
[SourceDate "2017.03.02"]
[SourceVersion "1"]
[SourceVersionDate "2017.03.02"]
[SourceQuality "1"]

1. e4 d6 2. d4 Nf6 3. Nc3 e5 4. Nf3 Nbd7 5. Bc4 Be7 6. O-O O-O 7. Re1 c6 8. a4
b6 9. h3 a6 10. Ba2 Rb8 11. Be3 b5 12. axb5 axb5 13. b4 Qc7 14. Bb3 c5 15. dxe5
dxe5 16. bxc5 Bxc5 17. Nd5 Nxd5 18. Bxd5 Bxe3 19. Rxe3 Nf6 20. Rd3 Nxd5 21.
Rxd5 f6 22. Rb1 b4 23. Qd2 Be6 24. Rd6 Rfe8 25. Rxb4 Rxb4 26. Qxb4 Qxc2 27. Qb6
Bf7 28. Nd2 Qc8 29. Nf3 h6 30. Kh2 Qc1 31. Nd2 Qc8 32. Nf3 Qa8 33. Nd2 Rb8 34.
Qc7 Rc8 35. Qb6 Re8 36. Qc7 Rc8 37. Qb6 Qa4 38. Rd8+ Rxd8 39. Qxd8+ Kh7 40. Qd3
Qc6 41. Qe3 Qc2 42. Nf1 Bc4 43. Ng3 Be6 44. Qf3 Qc7 45. Nf5 Qf7 46. Ne3 Qd7 47.
h4 Qf7 48. g3 g6 49. Kg2 f5 50. h5 f4 51. hxg6+ Qxg6 52. Nf1 Bg4 53. Qd3 Qh5
54. Nh2 Be6 55. Qd6 Bf7 56. Qe7 Kg8 57. Qd8+ Kg7 58. Qe7 fxg3 59. Nf3 Kg8 60.
fxg3 Qg6 61. Qxe5 Kh7 62. Qf4 Be6 63. Ne5 Qg7 64. Nf3 Qg6 65. Nd4 Bd7 66. Qe5
Qg4 67. Qe7+ Kg8 68. Nf3 Be6 69. Qe8+ Kg7 70. Qe7+ Kg8 71. Qd8+ Kg7 72. Qc7+
Kg8 73. Qe5 Bd7 74. Nd4 Bc8 75. Qd5+ Kh7 76. Qe5 Bd7 77. Qe7+ Kg8 78. Nf3 Be6
79. Qe8+ Kg7 80. Qe7+ Kg8 81. Qb4 Qh3+ 82. Kf2 Qg4 83. Qd4 Kh7 84. Qe5 Bd7 85.
Qe7+ Qg7 86. Qxg7+ Kxg7 87. Ke3 Kf6 88. Kf4 Bc6 89. e5+ Ke7 90. Nd4 Bd7 91.
Nf5+ Kf7 92. Nxh6+ Kg6 93. Ng4 Be6 94. Ne3 Bd7 95. g4 Be6 96. Nf5 Bd7 97. Nd4
Kf7 98. e6+ Bxe6 99. Nxe6 Kxe6 100. Kg5 1-0

[Event "EU-ch blitz"]
[Site "Tallinn"]
[Date "2016.12.18"]
[Round "21"]
[White "Cuenca Jimenez, Jose Fernando"]
[Black "Chigaev, Maksim"]
[Result "0-1"]
[WhiteElo "2492"]
[BlackElo "2531"]
[PlyCount "60"]
[EventDate "2016.12.17"]
[EventType "swiss (blitz)"]
[EventRounds "26"]
[EventCountry "EST"]
[SourceTitle "CBM 176 Extra"]
[Source "ChessBase"]
[SourceDate "2017.03.02"]
[SourceVersion "1"]
[SourceVersionDate "2017.03.02"]
[SourceQuality "1"]

1. Nf3 g6 2. c4 Bg7 3. d4 d6 4. Nc3 Nf6 5. g3 O-O 6. Bg2 Nbd7 7. O-O e5 8. h3
c6 9. e4 Qb6 10. d5 cxd5 11. cxd5 Nc5 12. Nd2 Bd7 13. Nc4 Qa6 14. Ne3 Nd3 15.
Qe2 Rfc8 16. Rd1 Nxc1 17. Qxa6 bxa6 18. Rdxc1 Bh6 19. Ncd1 Bb5 20. Rc3 Rab8 21.
b3 Rxc3 22. Nxc3 Bxe3 23. fxe3 Rc8 24. Rc1 Bd3 25. Bf1 Bxf1 26. Rxf1 Kg7 27.
Nb1 Nxe4 28. Kg2 Rc2+ 29. Kf3 Ng5+ 30. Kg4 f6 0-1

[Event "EU-ch blitz"]
[Site "Tallinn"]
[Date "2016.12.18"]
[Round "22"]
[White "Chigaev, Maksim"]
[Black "Cuenca Jimenez, Jose Fernando"]
[Result "1/2-1/2"]
[WhiteElo "2531"]
[BlackElo "2492"]
[PlyCount "57"]
[EventDate "2016.12.17"]
[EventType "swiss (blitz)"]
[EventRounds "26"]
[EventCountry "EST"]
[SourceTitle "CBM 176 Extra"]
[Source "ChessBase"]
[SourceDate "2017.03.02"]
[SourceVersion "1"]
[SourceVersionDate "2017.03.02"]
[SourceQuality "1"]

1. Nf3 Nf6 2. g3 g6 3. Bg2 Bg7 4. O-O O-O 5. d4 d6 6. b3 c5 7. Bb2 Qc7 8. c4
cxd4 9. Nxd4 a6 10. Nc3 Nc6 11. Rc1 Nxd4 12. Qxd4 Be6 13. Nd5 Bxd5 14. Bxd5 Nh5
15. Qd2 Bxb2 16. Qxb2 Nf6 17. Bf3 Rab8 18. h4 h5 19. Rfd1 a5 20. a3 b6 21. b4
Nd7 22. Bd5 e6 23. Bg2 Ne5 24. Qd4 Rfd8 25. Rc3 Rbc8 26. Rdc1 axb4 27. axb4 Nc6
28. Bxc6 Qxc6 29. Qf6 1/2-1/2

[Event "Roquetas de Mar op 28th"]
[Site "Roquetas de Mar"]
[Date "2017.01.05"]
[Round "4"]
[White "Cuenca Jimenez, Jose Fernando"]
[Black "Moral Garcia, Serafin"]
[Result "1-0"]
[WhiteElo "2492"]
[BlackElo "2260"]
[PlyCount "103"]
[EventDate "2017.01.03"]
[EventType "swiss"]
[EventRounds "9"]
[EventCountry "ESP"]
[SourceTitle "CBM 176 Extra"]
[Source "ChessBase"]
[SourceDate "2017.03.02"]
[SourceVersion "1"]
[SourceVersionDate "2017.03.02"]
[SourceQuality "1"]

1. c4 e5 2. Nc3 Nf6 3. Nf3 Nc6 4. g3 Bc5 5. Bg2 d6 6. O-O a5 7. e3 O-O 8. b3
Re8 9. d4 exd4 10. exd4 Ba7 11. Nb5 Bb6 12. Bf4 Ne4 13. Rc1 Na7 14. Nc3 Nxc3
15. Rxc3 c6 16. d5 c5 17. Re1 Bc7 18. Rxe8+ Qxe8 19. Re3 Qf8 20. Qe1 Bd7 21. a4
Re8 22. Rxe8 Qxe8 23. Qxe8+ Bxe8 24. Ng5 Bd7 25. Ne4 b6 26. Bxd6 Bxd6 27. Nxd6
Kf8 28. Ne4 Nc8 29. Kf1 Ke7 30. Ke2 Nd6 31. Nxd6 Kxd6 32. Ke3 h6 33. Be4 Bg4
34. f3 Bd7 35. g4 g5 36. Bf5 Be8 37. Ke4 f6 38. Bh7 Bd7 39. Bg8 Ke7 40. Be6
Bxe6 41. dxe6 Kxe6 42. h3 Ke7 43. Kd5 Kd7 44. f4 gxf4 45. Ke4 Ke7 46. Kxf4 Kd6
47. Ke4 Ke7 48. Kd5 Kf7 49. Kc6 Kg6 50. Kxb6 h5 51. Kxc5 hxg4 52. hxg4 1-0

[Event "Roquetas de Mar op 28th"]
[Site "Roquetas de Mar"]
[Date "2017.01.05"]
[Round "5"]
[White "Cuenca Jimenez, Jose Fernando"]
[Black "Edouard, Romain"]
[Result "1/2-1/2"]
[WhiteElo "2492"]
[BlackElo "2613"]
[PlyCount "40"]
[EventDate "2017.01.03"]
[EventType "swiss"]
[EventRounds "9"]
[EventCountry "ESP"]
[SourceTitle "CBM 176 Extra"]
[Source "ChessBase"]
[SourceDate "2017.03.02"]
[SourceVersion "1"]
[SourceVersionDate "2017.03.02"]
[SourceQuality "1"]

1. Nf3 c5 2. c4 Nc6 3. d4 cxd4 4. Nxd4 Nf6 5. Nc3 e6 6. a3 Be7 7. e4 O-O 8. Nf3
Qc7 9. Be2 b6 10. O-O Bb7 11. Bg5 Rad8 12. Rc1 h6 13. Bh4 Qb8 14. Bg3 d6 15.
Nd2 Qa8 16. Re1 Rd7 17. b4 Rfd8 18. Bf1 Bf8 19. Nb3 Ne5 20. Qe2 Ng6 1/2-1/2

[Event "Roquetas de Mar op 28th"]
[Site "Roquetas de Mar"]
[Date "2017.01.06"]
[Round "6"]
[White "Harutjunyan, Gevorg"]
[Black "Cuenca Jimenez, Jose Fernando"]
[Result "1/2-1/2"]
[WhiteElo "2437"]
[BlackElo "2492"]
[PlyCount "86"]
[EventDate "2017.01.03"]
[EventType "swiss"]
[EventRounds "9"]
[EventCountry "ESP"]
[SourceTitle "CBM 176 Extra"]
[Source "ChessBase"]
[SourceDate "2017.03.02"]
[SourceVersion "1"]
[SourceVersionDate "2017.03.02"]
[SourceQuality "1"]

1. e4 e6 2. d4 d5 3. Nc3 Bb4 4. Nge2 dxe4 5. a3 Bxc3+ 6. Nxc3 Nc6 7. d5 exd5 8.
Qxd5 Be6 9. Qxe4 Nf6 10. Qf4 Qe7 11. Be3 O-O-O 12. Be2 Nd5 13. Nxd5 Bxd5 14.
O-O-O Qe4 15. Qg5 Qxg2 16. Rhg1 Qxg5 17. Rxg5 Be4 18. Rxd8+ Rxd8 19. Rxg7 Bg6
20. Bg4+ f5 21. Bf3 Nd4 22. Bxd4 Rxd4 23. Rg8+ Kd7 24. Bxb7 Rh4 25. b4 Rxh2 26.
f4 Rf2 27. Rg7+ Kd8 28. Rg8+ Kd7 29. Rg7+ Kd8 30. Rg8+ Ke7 31. Rg7+ Kf6 32.
Rxc7 Rxf4 33. Kd2 h5 34. Ke3 Rf1 35. Bg2 f4+ 36. Ke2 Rc1 37. Kf3 Rxc2 38. Rxc2
Bxc2 39. Kxf4 Bd1 40. Bc6 Ke6 41. a4 Kd6 42. Be8 h4 43. a5 h3 1/2-1/2

[Event "Roquetas de Mar op 28th"]
[Site "Roquetas de Mar"]
[Date "2017.01.07"]
[Round "7"]
[White "Cuenca Jimenez, Jose Fernando"]
[Black "Sundararajan, Kidambi"]
[Result "0-1"]
[WhiteElo "2492"]
[BlackElo "2420"]
[PlyCount "108"]
[EventDate "2017.01.03"]
[EventType "swiss"]
[EventRounds "9"]
[EventCountry "ESP"]
[SourceTitle "CBM 176 Extra"]
[Source "ChessBase"]
[SourceDate "2017.03.02"]
[SourceVersion "1"]
[SourceVersionDate "2017.03.02"]
[SourceQuality "1"]

1. e4 c6 2. d4 d5 3. e5 Bf5 4. Nf3 e6 5. Be2 Bg6 6. O-O Nd7 7. Nbd2 Nh6 8. Nb3
Be7 9. Bxh6 gxh6 10. a4 O-O 11. a5 c5 12. c4 dxc4 13. Bxc4 cxd4 14. Nbxd4 Nc5
15. Qe2 a6 16. Rfd1 Qb8 17. Qe3 Rd8 18. Qxh6 Rd7 19. h4 Qf8 20. Qf4 Rad8 21. b4
Ne4 22. h5 Bf5 23. Rd3 Nxf2 24. Kxf2 Bxd3 25. Bxd3 Bxb4 26. Rh1 Rxd4 27. Qg5+
Qg7 28. Qxg7+ Kxg7 29. h6+ Kg8 30. Nxd4 Rxd4 31. Rb1 Bxa5 32. Ke3 Rh4 33. Rxb7
Rxh6 34. Bxa6 Rh5 35. Rb5 Bc7 36. Ke4 Rg5 37. Rc5 Bb6 38. Rc2 Kg7 39. Kf4 Rf5+
40. Ke4 h5 41. Be2 h4 42. Bf3 Bg1 43. Bg4 Rg5 44. Bh3 Bh2 45. Rc5 Kg6 46. Rb5
Bg3 47. Ra5 Rh5 48. Kd4 Rh8 49. Ke4 Rb8 50. Ke3 Rb3+ 51. Ke4 Kg5 52. Ra7 Bf2
53. Ra2 Re3+ 54. Kd4 Re2+ 0-1

[Event "Roquetas de Mar op 28th"]
[Site "Roquetas de Mar"]
[Date "2017.01.08"]
[Round "9"]
[White "Cuenca Jimenez, Jose Fernando"]
[Black "Butkiewicz, Lukasz"]
[Result "0-1"]
[WhiteElo "2492"]
[BlackElo "2447"]
[PlyCount "108"]
[EventDate "2017.01.03"]
[EventType "swiss"]
[EventRounds "9"]
[EventCountry "ESP"]
[SourceTitle "CBM 176 Extra"]
[Source "ChessBase"]
[SourceDate "2017.03.02"]
[SourceVersion "1"]
[SourceVersionDate "2017.03.02"]
[SourceQuality "1"]

1. e4 c5 2. Nf3 Nc6 3. Nc3 g6 4. d4 cxd4 5. Nxd4 Bg7 6. Be3 Nf6 7. Bc4 O-O 8.
Bb3 Re8 9. f3 e6 10. Qd2 d5 11. Nxc6 bxc6 12. O-O-O Qc7 13. Kb1 a5 14. h4 h5
15. Na4 dxe4 16. Bb6 Qb8 17. Qd6 Qxd6 18. Rxd6 exf3 19. gxf3 Nd5 20. Rxc6 Bd7
21. Rc5 Bxa4 22. Bxa4 Reb8 23. Bc6 Ra6 24. Bxd5 exd5 25. Bc7 Rxb2+ 26. Kc1 Rxa2
27. Kd2 a4 28. f4 a3 29. Be5 Bxe5 30. fxe5 Rb2 31. Rc8+ Kg7 32. Rc7 Rb8 33. Rf1
Rf8 34. Kc3 a2 35. Ra1 Rb8 36. e6 Rxe6 37. Rxa2 Re4 38. Raa7 Rf8 39. Rd7 Rxh4
40. Rxd5 Rf4 41. Kd3 h4 42. c4 h3 43. Ra2 Rb8 44. Kc3 Rf3+ 45. Kd4 Rh8 46. Ke4
Rc3 47. Kd4 Rg3 48. Rh2 Rh4+ 49. Kc5 Rg2 50. Rh1 h2 51. Rdd1 Rhg4 52. Rd4 Rxd4
53. Kxd4 g5 54. c5 g4 0-1

[Event "Zicosur op 3rd"]
[Site "Antofagasta"]
[Date "2017.01.10"]
[Round "1"]
[White "Ledezma Panades, Hernan Javier"]
[Black "Cuenca Jimenez, Jose Fernando"]
[Result "0-1"]
[WhiteElo "1860"]
[BlackElo "2492"]
[PlyCount "60"]
[EventDate "2017.01.10"]
[EventType "swiss"]
[EventRounds "9"]
[EventCountry "CHI"]
[SourceTitle "CBM 176 Extra"]
[Source "ChessBase"]
[SourceDate "2017.03.02"]
[SourceVersion "1"]
[SourceVersionDate "2017.03.02"]
[SourceQuality "1"]

1. e4 e6 2. Nf3 d5 3. Nc3 Nf6 4. e5 Nfd7 5. d4 c5 6. dxc5 Nc6 7. Bf4 Bxc5 8.
Bd3 f6 9. exf6 Nxf6 10. O-O O-O 11. Qe2 a6 12. Bg3 Nh5 13. Rae1 Nxg3 14. hxg3
Qf6 15. Na4 Ba7 16. c4 dxc4 17. Be4 Bd7 18. Nc3 Rad8 19. Bxc6 Bxc6 20. Qxc4
Rde8 21. Ne4 Qxb2 22. Rb1 Qa3 23. Qb4 Qxb4 24. Rxb4 a5 25. Rc4 Re7 26. Rfc1 Bd5
27. Ned2 Bxc4 28. Rxc4 Bb6 29. a4 Rc7 30. Re4 Rc1+ 0-1

[Event "Zicosur op 3rd"]
[Site "Antofagasta"]
[Date "2017.01.11"]
[Round "2"]
[White "Cuenca Jimenez, Jose Fernando"]
[Black "Marin Munoz, Roque"]
[Result "1-0"]
[WhiteElo "2492"]
[BlackElo "2104"]
[PlyCount "35"]
[EventDate "2017.01.10"]
[EventType "swiss"]
[EventRounds "9"]
[EventCountry "CHI"]
[SourceTitle "CBM 176 Extra"]
[Source "ChessBase"]
[SourceDate "2017.03.02"]
[SourceVersion "1"]
[SourceVersionDate "2017.03.02"]
[SourceQuality "1"]

1. Nf3 Nf6 2. c4 g6 3. g3 Bg7 4. Bg2 O-O 5. O-O d6 6. d4 c5 7. Nc3 Nc6 8. dxc5
dxc5 9. Be3 Be6 10. Qa4 Nd7 11. Rfd1 Qa5 12. Qb5 Bxc3 13. bxc3 Rfc8 14. Ng5 Bf5
15. Bxc6 Qxc3 16. Bxd7 Bxd7 17. Qxd7 Rd8 18. Qxe7 1-0

[Event "Zicosur op 3rd"]
[Site "Antofagasta"]
[Date "2017.01.11"]
[Round "3"]
[White "Squella Lavin, Carlos Felipe"]
[Black "Cuenca Jimenez, Jose Fernando"]
[Result "1/2-1/2"]
[WhiteElo "2185"]
[BlackElo "2492"]
[PlyCount "149"]
[EventDate "2017.01.10"]
[EventType "swiss"]
[EventRounds "9"]
[EventCountry "CHI"]
[SourceTitle "CBM 176 Extra"]
[Source "ChessBase"]
[SourceDate "2017.03.02"]
[SourceVersion "1"]
[SourceVersionDate "2017.03.02"]
[SourceQuality "1"]

1. d4 Nf6 2. c4 g6 3. Nc3 Bg7 4. g3 O-O 5. Bg2 d6 6. Nf3 Nbd7 7. O-O e5 8. h3
exd4 9. Nxd4 Nb6 10. b3 d5 11. c5 Nbd7 12. c6 Ne5 13. cxb7 Bxb7 14. Ba3 Re8 15.
Rc1 Rc8 16. Na4 Ne4 17. Nc5 Nxc5 18. Bxc5 Nd7 19. Qc2 c6 20. Rfd1 a5 21. e3
Nxc5 22. Qxc5 Bf8 23. Qc2 Ba3 24. Rb1 Qb6 25. b4 axb4 26. Nb3 Ba6 27. h4 Qc7
28. Rd2 Qe5 29. Bh3 Rc7 30. Qc5 Bc4 31. Rd4 Qe7 32. Rd2 Qxc5 33. Nxc5 Kg7 34.
Bf1 Ra8 35. Rbd1 Ra5 36. Nb3 Bxb3 37. axb3 Rc5 38. Rd4 Rb7 39. e4 Bb2 40. R4d2
Bc3 41. Re2 d4 42. Ra2 Re7 43. Bd3 f5 44. f3 Rce5 45. Ra6 c5 46. Ra5 fxe4 47.
fxe4 g5 48. Kg2 gxh4 49. gxh4 Rf7 50. Kg3 Rf6 51. Ra7+ Kh6 52. Ra5 Rg6+ 53. Kh3
Re7 54. Rxc5 Reg7 55. h5 Rg3+ 56. Kh2 Rg2+ 57. Kh3 R7g3+ 58. Kh4 Rg4+ 59. Kh3
R2g3+ 60. Kh2 Re3 61. Rf5 Rg5 62. Rxg5 Kxg5 63. Kg2 Kxh5 64. Kf2 Kg5 65. Bc2
Rh3 66. Kg2 Rh6 67. Rf1 Ra6 68. Kg3 Ra2 69. Bd3 Rd2 70. Rf5+ Kg6 71. Rf3 Rd1
72. e5+ Rxd3 73. Rxd3 Kf5 74. e6 Kxe6 75. Kf4 1/2-1/2

[Event "Zicosur op 3rd"]
[Site "Antofagasta"]
[Date "2017.01.12"]
[Round "4"]
[White "Cuenca Jimenez, Jose Fernando"]
[Black "Aguilar, Victor"]
[Result "1-0"]
[WhiteElo "2492"]
[BlackElo "2177"]
[PlyCount "74"]
[EventDate "2017.01.10"]
[EventType "swiss"]
[EventRounds "9"]
[EventCountry "CHI"]
[SourceTitle "CBM 176 Extra"]
[Source "ChessBase"]
[SourceDate "2017.03.02"]
[SourceVersion "1"]
[SourceVersionDate "2017.03.02"]
[SourceQuality "1"]

1. Nf3 Nf6 2. c4 b6 3. g3 Bb7 4. Bg2 g6 5. O-O Bg7 6. d4 O-O 7. d5 e6 8. Nc3 d6
9. e4 c6 10. dxe6 fxe6 11. e5 dxe5 12. Nxe5 Nfd7 13. Nd3 Na6 14. Qe2 Qe7 15.
Ne4 e5 16. Bg5 Qe6 17. b3 h6 18. Bd2 Rad8 19. Bc3 Kh8 20. Rae1 Rde8 21. h4 Qe7
22. Qg4 Kh7 23. Re3 Bc8 24. Qe2 Nc7 25. Re1 Ne6 26. Nd2 Qd6 27. Ne4 Qc7 28. Bb2
Kh8 29. Nd2 Qd6 30. Nf3 Nec5 31. Ndxe5 Nxe5 32. Nxe5 Kh7 33. Nxg6 Rxe3 34.
Nxf8+ Qxf8 35. fxe3 Bxb2 36. Qxb2 Bf5 37. Rf1 Qc8 1-0